Detalles MARC
| 000 -LEADER |
| campo de control de longitud fija |
02870am aa2200529i 44500 |
| 003 - IDENTIFICADOR DE NÚMERO DE CONTROL |
| campo de control |
PE-LiUPU |
| 005 - FECHA Y HORA DE LA ÚLTIMA TRANSACCIÓN |
| campo de control |
20251023113915.0 |
| 008 - DATOS DE LONGITUD FIJA--INFORMACIÓN GENERAL |
| campo de control de longitud fija |
2002s2020 pe#a rb 001 0 spa d |
| 020 ## - NÚMERO INTERNACIONAL ESTÁNDAR DEL LIBRO |
| Número Internacional Estándar del Libro |
9786123175245 |
| 035 ## - NÚMERO DE CONTROL DEL SISTEMA |
| Número de control de sistema |
PE-LiUPU000052 |
| 040 ## - FUENTE DE CATALOGACIÓN |
| Centro catalogador/agencia de origen |
PE-LiUPU |
| Lengua de catalogación |
spa |
| Centro/agencia transcriptor |
PE-LiUPU |
| Normas de descripción |
rda |
| 082 04 - NÚMERO DE LA CLASIFICACIÓN DECIMAL DEWEY |
| Número de clasificación |
720.1 |
| Número de edición |
23 |
| Cutter |
M181e |
| 100 ## - ENTRADA PRINCIPAL--NOMBRE DE PERSONA |
| Nombre de persona |
Maderuelo, Javier, |
| Término indicativo de función/relación |
autor. |
| 9 (RLIN) |
7446 |
| 245 10 - MENCIÓN DEL TÍTULO |
| Título |
Espacio, paisaje y territorio : |
| Resto del título |
dos conferencias y unas notas de viaje / |
| Mención de responsabilidad, etc. |
por Javier Maderuelo. |
| 264 #1 - PRODUCCIÓN, PUBLICACIÓN, DISTRIBUCIÓN, FABRICACIÓN Y COPYRIGHT |
| Producción, publicación, distribución, fabricación y copyright |
Lima : |
| Nombre del de productor, editor, distribuidor, fabricante |
Fondo Editorial de la Pontificia Universidad Católica del Perú, Facultad de Arquitectura y Urbanismo, |
| Fecha de producción, publicación, distribución, fabricación o copyright |
2020. |
| 300 ## - DESCRIPCIÓN FÍSICA |
| Extensión |
121 páginas : |
| Otras características físicas |
ilustraciones, fotografías ; |
| Dimensiones |
24 cm. |
| 336 ## - TIPO DE CONTENIDO |
| Término de tipo de contenido |
texto |
| Código de tipo de contenido |
txt |
| Fuente |
rdacontent |
| 337 ## - TIPO DE MEDIO |
| Nombre/término del tipo de medio |
sin mediación |
| Código del tipo de medio |
n |
| Fuente |
rdamedia |
| 338 ## - TIPO DE SOPORTE |
| Nombre/término del tipo de soporte |
volumen |
| Código del tipo de soporte |
nc |
| Fuente |
rdacarrier |
| 490 1# - MENCIÓN DE SERIE |
| Mención de serie |
Colección Decir Arquitectura |
| 500 ## - NOTA GENERAL |
| Nota general |
Primera edición. Tiraje de 500 ejemplares. |
| 500 ## - NOTA GENERAL |
| Nota general |
Editor: Paulo Dam. |
| 500 ## - NOTA GENERAL |
| Nota general |
Diseño, diagramación y revisión de textos: Arquitectura PUCP Publicaciones. |
| 500 ## - NOTA GENERAL |
| Nota general |
Depósito legal en la Biblioteca Nacional del Perú N.º 2019-13380. |
| 500 ## - NOTA GENERAL |
| Nota general |
Impreso en Tarea Asociación Gráfica Educativa, Lima, febrero de 2020. |
| 504 ## - NOTA DE BIBLIOGRAFÍA, ETC. |
| Nota de bibliografía, etc. |
Incluye referencias a obras artísticas y arquitectónicas citadas. |
| 505 0# - NOTA DE CONTENIDO CON FORMATO |
| Nota de contenido con formato |
Introducción -- El espacio en la arquitectura y el arte -- El paisaje como patrimonio cultural -- Territorio: notas de viaje -- Dossier fotográfico. |
| 520 ## - RESUMEN, ETC. |
| Sumario, etc. |
Ensayos que reflexionan sobre la noción contemporánea de paisaje desde la arquitectura y las artes visuales, explorando la relación entre espacio físico, percepción cultural y territorio. A través de una perspectiva crítica y estética, el autor analiza el paisaje como patrimonio y como construcción simbólica de la modernidad. |
| 546 ## - NOTA DE IDIOMA |
| Nota de lengua/lenguaje |
Texto en español. |
| 600 14 - PUNTO DE ACCESO ADICIONAL DE MATERIA--NOMBRE DE PERSONA |
| Nombre de persona |
Maderuelo, Javier |
| Subdivisión general |
Crítica e interpretación. |
| 9 (RLIN) |
7447 |
| 650 24 - PUNTO DE ACCESO ADICIONAL DE MATERIA--TÉRMINO DE MATERIA |
| Término de materia o nombre geográfico como elemento de entrada |
Arquitectura |
| Subdivisión general |
Filosofía. |
| 650 14 - PUNTO DE ACCESO ADICIONAL DE MATERIA--TÉRMINO DE MATERIA |
| Término de materia o nombre geográfico como elemento de entrada |
Paisaje en el arte. |
| 650 24 - PUNTO DE ACCESO ADICIONAL DE MATERIA--TÉRMINO DE MATERIA |
| Término de materia o nombre geográfico como elemento de entrada |
Paisaje (Estética) |
| 650 #0 - PUNTO DE ACCESO ADICIONAL DE MATERIA--TÉRMINO DE MATERIA |
| Término de materia o nombre geográfico como elemento de entrada |
Territorio (Arquitectura) |
| 650 #0 - PUNTO DE ACCESO ADICIONAL DE MATERIA--TÉRMINO DE MATERIA |
| Término de materia o nombre geográfico como elemento de entrada |
Arte y arquitectura |
| Subdivisión general |
Interrelaciones. |
| 655 #7 - TERMINO DE INDIZACIÓN--GENERO/FORMA |
| Datos o término principal de género/forma |
Ensayos españoles |
| Fuente del término |
rdfs |
| 700 ## - ENTRADA AGREGADA--NOMBRE PERSONAL |
| Nombre de persona |
Dam, Paulo, |
| Término indicativo de función/relación |
editor. |
| 9 (RLIN) |
7448 |
| 700 ## - ENTRADA AGREGADA--NOMBRE PERSONAL |
| Nombre de persona |
Canziani, José, |
| Término indicativo de función/relación |
fotógrafo. |
| 9 (RLIN) |
7449 |
| 710 ## - ENTRADA AGREGADA--NOMBRE DE ENTIDAD CORPORATIVA |
| Nombre de entidad corporativa o nombre de jurisdicción como elemento de entrada |
Pontificia Universidad Católica del Perú. |
| Unidad subordinada |
Facultad de Arquitectura y Urbanismo, |
| Término indicativo de función/relación |
editor. |
| 9 (RLIN) |
7406 |
| 710 ## - ENTRADA AGREGADA--NOMBRE DE ENTIDAD CORPORATIVA |
| Nombre de entidad corporativa o nombre de jurisdicción como elemento de entrada |
Fondo Editorial PUCP, |
| Término indicativo de función/relación |
editor. |
| 9 (RLIN) |
7407 |
| 710 ## - ENTRADA AGREGADA--NOMBRE DE ENTIDAD CORPORATIVA |
| Nombre de entidad corporativa o nombre de jurisdicción como elemento de entrada |
Tarea Asociación Gráfica Educativa, |
| Término indicativo de función/relación |
impresor. |
| 9 (RLIN) |
7348 |
| 830 #0 - PUNTO DE ACCESO ADICIONAL DE SERIE-TÍTULO UNIFORME |
| Título uniforme |
Colección Decir Arquitectura. |
| 856 40 - LOCALIZACIÓN Y ACCESO ELECTRÓNICOS |
| Identificador Uniforme de Recursos |
<a href="https://repositorio.pucp.edu.pe">https://repositorio.pucp.edu.pe</a> |
| Nota pública |
Repositorio institucional PUCP – Fondo Editorial. |
| 942 ## - ELEMENTOS DE ENTRADA SECUNDARIOS (KOHA) |
| Fuente del sistema de clasificación o colocación |
Clasificación Decimal Dewey |
| Tipo de ítem Koha |
Libros físicos |
| 980 ## - EQUIVALENCIA O REFERENCIA-CRUZADA-MENCIÓN DE SERIE--NOMBRE DE PERSONA/TÍTULO [LOCAL, CANADÁ] |
| ID del usuario creador del registro |
21515 |
| Nombre del creador del registro |
ROMINA COBOS Adquisiciones |
| ID del último usuario que modificó el registro |
18226 |
| Nombre del último usuario que modificó el registro |
Jaime Vilcazán Jefe de Análisis Documental |